Statistics for US States That Have Over 50% Of People Owning Gun

Click here to take the quiz!

General Stats

  • This quiz has been taken 46 times
  • The average score is 5 of 6

Answer Stats

%Answer% Correct
56.9Idaho
91%
52.3Montana
91%
61.7Alaska
89%
57.9Arkansas
87%
53.8Wyoming
87%
54.2West Virginia
74%

Score Distribution

Percentile by Number Answered

Percent of People with Each Score

Your Score History

You have not taken this quiz